| 000 | 00912nam a22003017a 4500 | ||
|---|---|---|---|
| 003 | CHAP | ||
| 005 | 20220329134919.0 | ||
| 008 | 971013s1966 r 00010 d | ||
| 010 | _a27988 | ||
| 011 | _a28960 | ||
| 035 | _a33071 | ||
| 040 | _cCHAP | ||
| 082 |
_a519.5 _bM32 |
||
| 100 | 0 | 0 |
_aMcDonald, Peter. _973483 |
| 245 | _aMathematics and statistics for scientists and engineers | ||
| 260 |
_aLondon : _bVan Nostrad, _c1966 |
||
| 300 | _a299 p | ||
| 590 |
_aBATCH-UPD _b10 _c20130109 _lUCH01 _h2313 |
||
| 590 |
_aBATCH-UPD _b10 _c20130110 _lUCH01 _h1018 |
||
| 590 |
_aBATCH-UPD _b10 _c20130410 _lUCH01 _h0624 |
||
| 590 |
_aBATCH-UPD _b10 _c20130914 _lUCH01 _h1323 |
||
| 590 |
_aCONVERSION _b10 _c20130109 _lUCH01 _h1316 |
||
| 650 | 1 | 4 |
_aEstadÃstica. _938241 |
| 650 | 1 | 4 |
_aMatemáticas. _972901 |
| 901 | _aBK | ||
| 942 | _cLIBRO | ||
| 949 |
_a519.5 M32 _bBC _cLIBRO _d33724000388252 _eLIBRO _h37473 _i33071 _si _t73.00 |
||
| 999 |
_c27988 _d27988 |
||